| 000 | 00712nam a2200253Ia 4500 | ||
|---|---|---|---|
| 003 | OSt | ||
| 005 | 20220928113656.0 | ||
| 006 | a|||||r|||| 00| 0 | ||
| 007 | ta | ||
| 008 | 220927b |||||||| |||| 00| 0 eng d | ||
| 024 | _a68049 | ||
| 037 | _cTextual | ||
| 040 |
_aSDCL _cSDCL _beng |
||
| 041 |
_2eng _aeng |
||
| 082 | _aR:(T), P4 | ||
| 100 |
_aPring Richard _9434409 |
||
| 245 | 0 |
_aPhilosohy of education _b Aims,theory,common sense and research |
|
| 260 |
_aLondon _bContinuum _c2004 |
||
| 300 |
_avii,280p _ccm. |
||
| 490 | _aContinuum studies in education | ||
| 650 |
_aPhilosophy Of Education _9434410 |
||
| 942 |
_hR:(T), P4 _cTEXL _2CC |
||
| 999 |
_c750752 _d750752 |
||